| 000 -LEADER |
| fixed length control field |
01265 a2200325 4500 |
| 003 - CONTROL NUMBER IDENTIFIER |
| control field |
OSt |
| 005 - DATE AND TIME OF LATEST TRANSACTION |
| control field |
20180116192333.0 |
| 008 - FIXED-LENGTH DATA ELEMENTS--GENERAL INFORMATION |
| fixed length control field |
120419t xxu||||| |||| 00| 0 eng d |
| 010 ## - LIBRARY OF CONGRESS CONTROL NUMBER |
| LC control number |
82021286 |
| 020 ## - INTERNATIONAL STANDARD BOOK NUMBER |
| International Standard Book Number |
0151446474 |
| 040 ## - CATALOGING SOURCE |
| Transcribing agency |
0 |
| 082 00 - DEWEY DECIMAL CLASSIFICATION NUMBER |
| Classification number |
853.914 |
| 100 1# - MAIN ENTRY--PERSONAL NAME |
| Personal name |
Eco, Umberto. |
| 9 (RLIN) |
796 |
| 245 14 - TITLE STATEMENT |
| Title |
The name of the rose / |
| Statement of responsibility, etc. |
Umberto Eco ; translated from the Italian by William Weaver. |
| 250 ## - EDITION STATEMENT |
| Edition statement |
1st ed. |
| 260 ## - PUBLICATION, DISTRIBUTION, ETC. |
| Place of publication, distribution, etc. |
San Diego : |
| Name of publisher, distributor, etc. |
Harcourt Brace Jovanovich, |
| Date of publication, distribution, etc. |
c1983. |
| 300 ## - PHYSICAL DESCRIPTION |
| Extent |
502 p. ; |
| Dimensions |
25 cm. |
| 500 ## - GENERAL NOTE |
| General note |
Translation of: Il nome della rosa. |
| 500 ## - GENERAL NOTE |
| General note |
"A Helen and Kurt Wolff book." |
| 650 #0 - SUBJECT ADDED ENTRY--TOPICAL TERM |
| Topical term or geographic name entry element |
Monastic and religious life |
| Geographic subdivision |
Italy |
| General subdivision |
History |
| Chronological subdivision |
Middle Ages, 600-1500 |
| General subdivision |
Fiction. |
| 9 (RLIN) |
797 |
| 650 #0 - SUBJECT ADDED ENTRY--TOPICAL TERM |
| Topical term or geographic name entry element |
Monastic libraries |
| Geographic subdivision |
Italy |
| General subdivision |
Fiction. |
| 9 (RLIN) |
798 |
| 650 #0 - SUBJECT ADDED ENTRY--TOPICAL TERM |
| Topical term or geographic name entry element |
Semiotics |
| General subdivision |
Fiction. |
| 9 (RLIN) |
799 |
| 655 #7 - INDEX TERM--GENRE/FORM |
| Genre/form data or focus term |
Detective and mystery stories. |
| 9 (RLIN) |
800 |
| 655 #7 - INDEX TERM--GENRE/FORM |
| Genre/form data or focus term |
Historical fiction. |
| 9 (RLIN) |
801 |
| 655 #7 - INDEX TERM--GENRE/FORM |
| Genre/form data or focus term |
Didactic fiction. |
| 9 (RLIN) |
802 |
| 856 42 - ELECTRONIC LOCATION AND ACCESS |
| Materials specified |
Publisher description |
| Uniform Resource Identifier |
<a href="http://www.loc.gov/catdir/description/har041/82021286.html">http://www.loc.gov/catdir/description/har041/82021286.html</a> |
| 856 42 - ELECTRONIC LOCATION AND ACCESS |
| Materials specified |
Contributor biographical information |
| Uniform Resource Identifier |
<a href="http://www.loc.gov/catdir/enhancements/fy0733/82021286-b.html">http://www.loc.gov/catdir/enhancements/fy0733/82021286-b.html</a> |
| 942 ## - ADDED ENTRY ELEMENTS (KOHA) |
| Institution code [OBSOLETE] |
SADA |
| Koha item type |
Book |
| Call number prefix |
853.914 ECO 1983 |
| Source of classification or shelving scheme |
|